| 000 | 00507nam a22001337a 4500 | ||
|---|---|---|---|
| 003 | OSt | ||
| 005 | 20240402164300.0 | ||
| 008 | 240402b |||||||| |||| 00| 0 eng d | ||
| 040 | _cCentral Library MRSPTU | ||
| 100 | _aDr. Rajesh Nathani | ||
| 245 | _aChetna Ka Ek Antheen Mahsagar (चेतना का एक अंतहीन महासागर: जीवन मेँ बडे. प्रशनो के सरल उततर) | ||
| 260 |
_aNew Delhi _bK.B.D. Publication _c2023 |
||
| 942 |
_2ddc _cBK _n0 |
||
| 999 |
_c9941 _d9941 |
||